Estados relativos a la situación en 31 de diciembre de 1914 de los servicios por administración de obras nuevas, reparación y conservación de carreteras, caminos vecinales, hidráulicas, puertos, faros, balizas y saneamiento del subsuelo de Madrid / Ministerio de Fomento. Dirección General de Obras Públicas. Negociado de Contabilidad
MARC
| LEADER | 00000nam a2200000Ia 4500 | ||
|---|---|---|---|
| 001 | 12368 | ||
| 008 | 160829s1917 xx 000 0 cat d | ||
| 080 | |a FOL-1-109 | ||
| 110 | 1 | |a Espanya. |b Dirección General de Obras Públicas |9 55082 | |
| 245 | |a Estados relativos a la situación en 31 de diciembre de 1914 de los servicios por administración de obras nuevas, reparación y conservación de carreteras, caminos vecinales, hidráulicas, puertos, faros, balizas y saneamiento del subsuelo de Madrid / Ministerio de Fomento. Dirección General de Obras Públicas. Negociado de Contabilidad | ||
| 260 | |a Madrid : |b (Imp. y encuadernación de Julio Cosano), |c 1917 | ||
| 300 | |a 197 p. ; |c 32'7 cm | ||
| 650 | |a Obres públiques |x Espanya |9 23246 | ||
| 901 | |a Arxiu | ||
| 942 | |n 1 | ||
| 952 | |0 0 |1 0 |4 0 |6 FOL1109 |7 1 |9 42632 |a Arxiu |b Arxiu |d 2016-12-01 |l 0 |o FOL-1-109 |p 12368 |r 2016-12-01 00:00:00 |w 2016-12-01 |y ARXIU | ||
| 999 | |c 45138 |d 45138 | ||